| 000 | 01559cam a2200421 a 4500 | ||
|---|---|---|---|
| 999 |
_c7500 _d7500 |
||
| 001 | 991004541509706706 | ||
| 003 | OSt | ||
| 005 | 20211203131104.0 | ||
| 008 | 081127c2008 spc|||| 001 ||spa c | ||
| 015 |
_aLL2009 _2bnc |
||
| 017 |
_aDL B. 43143-2008 _aDL B. 29427-2009 _aDL B. 26438-2010 _bBiblioteca de Catalunya |
||
| 020 | _a9788497887458 | ||
| 035 | _a(ES-BaCBU)b40975289-34csuc_network | ||
| 035 | _a(ES-BaCBU).b40975289 | ||
| 035 | _a(ccuc001)b40975289 | ||
| 035 | _a(OCoLC)804087146 | ||
| 040 |
_aES-BaCBU _bcat _cCDMR _dES-BaBC |
||
| 080 | _a681.3:321.02 | ||
| 080 | _a321.02:681.3 | ||
| 090 |
_aPN4833 _b.C3718 2008 |
||
| 100 | 1 | _aCardoso, Gustavo, | |
| 245 | 1 | 4 |
_aLos Medios de comunicación en la sociedad en red : _bfiltros, escaparates y noticias / _cGustavo Cardoso ; prólogo de Manuel Castells |
| 260 |
_aBarcelona : _bUOC, _c2008 |
||
| 300 |
_a574 p. : _bil. ; _c24 cm |
||
| 490 | 1 |
_aSociedad red ; _v2 |
|
| 500 | _aTít. orig.: A mídia na sociedade en rede | ||
| 650 | 7 |
_aSocietat de la informació _2thub |
|
| 650 | 7 |
_aSociologia de la comunicació _2thub |
|
| 650 | 0 |
_aPremsa digital _2thub _93188 |
|
| 650 | 7 |
_aInternet _2thub |
|
| 650 | 7 |
_aMitjans de comunicació digitals _xAspectes socials _2lemac |
|
| 650 | 7 |
_aMitjans de comunicació de massa _2lemac |
|
| 830 | 0 |
_aSociedad red (Editorial UOC) ; _v2 |
|
| 907 |
_a.b40975289 _b17-06-21 _c27-11-08 _d11-02-09 _em _fa _g- _hspa _ispc _j0 _k1 |
||
| 908 |
_aUdG _aURL _aUAB _aUJI _aBC _aUPF _aUIC _aUOC _aUAO _aURV _aUdL _aUPC _aUVic-UCC _aUB _aUDA |
||
| 940 | _aBC | ||
| 942 |
_2udc _cMON |
||